000 00754cab a2200265 4500
001 ABS60329
008 090401t1999 xxu||||| |||| 00| 0 eng d
035 _a(Sirsi) u92098
041 _aeng
100 _aWilkinson, H. W.
245 _aTenants` noise and quiet enjoyment
260 _c1999
350 _a0
490 _aNew Law Journal
_v149(6879) 12 March 1999, 373-374(2)
650 _aBAXTER V CAMDEN LBC
650 _aNOISY NEIGHBOURS
650 _aNUISANCE
650 _aQUIET ENJOYMENT
650 _aRESIDENTIAL LEASES
650 _aSOUTHWARK LBC V MILLS
650 _aSTATUTORY OBLIGATIONS
690 _aPROPERTY-RESIDENTIAL PROPERTY-RESIDENTIAL LANDLORD AND TENANT-RESIDENTIAL TENANCIES
942 _n0
948 _c16/03/1999
999 _c58391
_d58391